| 000 | 00450nam a22001697a 4500 | ||
|---|---|---|---|
| 003 | OSt | ||
| 005 | 20140310182316.0 | ||
| 008 | 130920t xxu||||| |||| 00| 0 eng d | ||
| 050 |
_aPZ 8.3 _b.D637 1947 |
||
| 082 |
_aGS 813.5 _bD65 1979 |
||
| 245 | _aThe Dr. Seuss story book / | ||
| 260 |
_aLondon : _bBook Club Associates, _c1979. |
||
| 300 |
_a173 p. : _c28 cm. |
||
| 650 |
_aJuvenile literature. _94153 |
||
| 942 |
_2lcc _cBK-GS |
||
| 999 |
_c11746 _d11746 |
||